| 000 | 00566nam a2200157 a 4500 | ||
|---|---|---|---|
| 001 | 000030093 | ||
| 005 | 20250221073755.0 | ||
| 008 | 110429s1993 dr 000 0 spa d | ||
| 040 |
_aDO-SdBNP _bspa _cBNPHU |
||
| 110 | 1 |
_aRepública Dominicana. _bOficina Nacional de Estadística _95775 |
|
| 245 | 1 | 0 |
_aRelación de los visitantes nacionales y extranjeros a los museos, años 1983-1992 / _cpresentación Federico González Aviles. |
| 260 |
_aSanto Domingo : _bONE, _c1993. |
||
| 300 |
_a22 p. ; _c28 cm. |
||
| 700 | 1 |
_aGonzález Aviles, Federico _956794 |
|
| 049 | _aBNPD | ||
| 999 |
_c29585 _d29585 |
||